<?xml version="1.0" encoding="UTF-8"?>
<record
    xmlns:xsi="http://www.w3.org/2001/XMLSchema-instance"
    xsi:schemaLocation="http://www.loc.gov/MARC21/slim http://www.loc.gov/standards/marcxml/schema/MARC21slim.xsd"
    xmlns="http://www.loc.gov/MARC21/slim">

  <leader>02083nam a2200337Ia 4500</leader>
  <datafield tag="952" ind1=" " ind2=" ">
    <subfield code="0">0</subfield>
    <subfield code="1">0</subfield>
    <subfield code="4">0</subfield>
    <subfield code="7">0</subfield>
    <subfield code="a">01</subfield>
    <subfield code="b">01</subfield>
    <subfield code="d">2011-07-26</subfield>
    <subfield code="l">0</subfield>
    <subfield code="o">657 W643A</subfield>
    <subfield code="p">01 011620</subfield>
    <subfield code="r">2012-06-24</subfield>
    <subfield code="t">3</subfield>
    <subfield code="w">2012-06-24</subfield>
    <subfield code="y">LB</subfield>
  </datafield>
  <datafield tag="952" ind1=" " ind2=" ">
    <subfield code="0">0</subfield>
    <subfield code="1">0</subfield>
    <subfield code="4">0</subfield>
    <subfield code="7">0</subfield>
    <subfield code="a">01</subfield>
    <subfield code="b">01</subfield>
    <subfield code="d">2011-07-26</subfield>
    <subfield code="l">0</subfield>
    <subfield code="o">657 W643A</subfield>
    <subfield code="p">01 011621</subfield>
    <subfield code="r">2012-06-24</subfield>
    <subfield code="t">4</subfield>
    <subfield code="w">2012-06-24</subfield>
    <subfield code="y">LB</subfield>
  </datafield>
  <datafield tag="952" ind1=" " ind2=" ">
    <subfield code="0">0</subfield>
    <subfield code="1">0</subfield>
    <subfield code="4">0</subfield>
    <subfield code="7">0</subfield>
    <subfield code="a">01</subfield>
    <subfield code="b">01</subfield>
    <subfield code="d">2010-10-09</subfield>
    <subfield code="l">1</subfield>
    <subfield code="o">657 W643A</subfield>
    <subfield code="p">01 012448</subfield>
    <subfield code="r">2014-09-24</subfield>
    <subfield code="s">2014-09-24</subfield>
    <subfield code="t">1</subfield>
    <subfield code="w">2012-06-24</subfield>
    <subfield code="y">LB</subfield>
  </datafield>
  <datafield tag="952" ind1=" " ind2=" ">
    <subfield code="0">0</subfield>
    <subfield code="1">0</subfield>
    <subfield code="4">0</subfield>
    <subfield code="7">0</subfield>
    <subfield code="a">01</subfield>
    <subfield code="b">01</subfield>
    <subfield code="d">2011-02-24</subfield>
    <subfield code="l">0</subfield>
    <subfield code="o">657 W643A</subfield>
    <subfield code="p">01 012554</subfield>
    <subfield code="r">2012-06-24</subfield>
    <subfield code="t">2</subfield>
    <subfield code="w">2012-06-24</subfield>
    <subfield code="y">LB</subfield>
  </datafield>
  <datafield tag="952" ind1=" " ind2=" ">
    <subfield code="0">0</subfield>
    <subfield code="1">0</subfield>
    <subfield code="2">lcc</subfield>
    <subfield code="4">0</subfield>
    <subfield code="7">0</subfield>
    <subfield code="a">04</subfield>
    <subfield code="b">04</subfield>
    <subfield code="d">2011-04-14</subfield>
    <subfield code="l">2</subfield>
    <subfield code="m">1</subfield>
    <subfield code="o">HF5681.B2 W5518 2007</subfield>
    <subfield code="p">04 003244</subfield>
    <subfield code="r">2015-10-06</subfield>
    <subfield code="s">2015-10-06</subfield>
    <subfield code="t">1</subfield>
    <subfield code="w">2012-06-24</subfield>
    <subfield code="y">LB</subfield>
  </datafield>
  <datafield tag="952" ind1=" " ind2=" ">
    <subfield code="0">0</subfield>
    <subfield code="1">0</subfield>
    <subfield code="2">lcc</subfield>
    <subfield code="4">0</subfield>
    <subfield code="7">0</subfield>
    <subfield code="a">12</subfield>
    <subfield code="b">12</subfield>
    <subfield code="d">2009-08-01</subfield>
    <subfield code="l">7</subfield>
    <subfield code="o">HF5681 W4918 2007</subfield>
    <subfield code="p">06 000600</subfield>
    <subfield code="r">2017-10-20</subfield>
    <subfield code="s">2017-10-20</subfield>
    <subfield code="t">1</subfield>
    <subfield code="w">2012-06-26</subfield>
    <subfield code="y">LB</subfield>
  </datafield>
  <datafield tag="952" ind1=" " ind2=" ">
    <subfield code="0">0</subfield>
    <subfield code="1">0</subfield>
    <subfield code="2">lcc</subfield>
    <subfield code="4">0</subfield>
    <subfield code="7">0</subfield>
    <subfield code="a">22</subfield>
    <subfield code="b">22</subfield>
    <subfield code="d">2009-07-15</subfield>
    <subfield code="l">8</subfield>
    <subfield code="o">HF5681 W4918 2007</subfield>
    <subfield code="p">06 000601</subfield>
    <subfield code="r">2023-09-26</subfield>
    <subfield code="s">2017-04-17</subfield>
    <subfield code="t">2</subfield>
    <subfield code="w">2012-06-26</subfield>
    <subfield code="y">LB</subfield>
  </datafield>
  <datafield tag="952" ind1=" " ind2=" ">
    <subfield code="0">0</subfield>
    <subfield code="1">0</subfield>
    <subfield code="4">0</subfield>
    <subfield code="7">0</subfield>
    <subfield code="a">07</subfield>
    <subfield code="b">07</subfield>
    <subfield code="d">2008-12-01</subfield>
    <subfield code="l">1</subfield>
    <subfield code="o">HF5681.B2 W5518 2007</subfield>
    <subfield code="p">07 000999</subfield>
    <subfield code="r">2014-03-22</subfield>
    <subfield code="s">2014-02-21</subfield>
    <subfield code="t">1</subfield>
    <subfield code="w">2012-06-26</subfield>
    <subfield code="y">LB</subfield>
  </datafield>
  <datafield tag="952" ind1=" " ind2=" ">
    <subfield code="0">0</subfield>
    <subfield code="1">0</subfield>
    <subfield code="2">ddc</subfield>
    <subfield code="4">0</subfield>
    <subfield code="7">0</subfield>
    <subfield code="a">22</subfield>
    <subfield code="b">22</subfield>
    <subfield code="d">2010-08-11</subfield>
    <subfield code="l">9</subfield>
    <subfield code="o">HF5681.B2 W5518 2007</subfield>
    <subfield code="p">17 000258</subfield>
    <subfield code="r">2023-07-28</subfield>
    <subfield code="s">2018-11-05</subfield>
    <subfield code="t">1</subfield>
    <subfield code="w">2012-06-26</subfield>
    <subfield code="y">LB</subfield>
    <subfield code="f"></subfield>
  </datafield>
  <datafield tag="952" ind1=" " ind2=" ">
    <subfield code="0">0</subfield>
    <subfield code="1">0</subfield>
    <subfield code="4">0</subfield>
    <subfield code="7">0</subfield>
    <subfield code="a">15</subfield>
    <subfield code="b">15</subfield>
    <subfield code="d">2012-05-08</subfield>
    <subfield code="l">0</subfield>
    <subfield code="o">657.3 W668A</subfield>
    <subfield code="p">15 005019</subfield>
    <subfield code="r">2017-12-07</subfield>
    <subfield code="t">1</subfield>
    <subfield code="w">2012-06-28</subfield>
    <subfield code="y">LB</subfield>
  </datafield>
  <datafield tag="952" ind1=" " ind2=" ">
    <subfield code="0">0</subfield>
    <subfield code="1">0</subfield>
    <subfield code="2">lcc</subfield>
    <subfield code="4">0</subfield>
    <subfield code="7">0</subfield>
    <subfield code="a">21</subfield>
    <subfield code="b">21</subfield>
    <subfield code="d">2011-12-01</subfield>
    <subfield code="l">9</subfield>
    <subfield code="o">HF5681.B2 W55 2007</subfield>
    <subfield code="p">21 000597</subfield>
    <subfield code="r">2018-04-30</subfield>
    <subfield code="s">2018-04-30</subfield>
    <subfield code="t">1</subfield>
    <subfield code="w">2012-07-20</subfield>
    <subfield code="y">LB</subfield>
  </datafield>
  <datafield tag="952" ind1=" " ind2=" ">
    <subfield code="0">0</subfield>
    <subfield code="1">0</subfield>
    <subfield code="4">0</subfield>
    <subfield code="7">0</subfield>
    <subfield code="a">13</subfield>
    <subfield code="b">13</subfield>
    <subfield code="d">2010-07-14</subfield>
    <subfield code="l">0</subfield>
    <subfield code="o">HF5681.B2 W49 2007</subfield>
    <subfield code="p">13 000881</subfield>
    <subfield code="r">2012-09-05</subfield>
    <subfield code="t">1</subfield>
    <subfield code="w">2012-09-05</subfield>
    <subfield code="y">LB</subfield>
    <subfield code="z">2007</subfield>
  </datafield>
  <datafield tag="952" ind1=" " ind2=" ">
    <subfield code="0">0</subfield>
    <subfield code="1">0</subfield>
    <subfield code="4">0</subfield>
    <subfield code="7">0</subfield>
    <subfield code="a">13</subfield>
    <subfield code="b">13</subfield>
    <subfield code="d">2010-07-17</subfield>
    <subfield code="l">0</subfield>
    <subfield code="o">HF5681.B2 W49 2007</subfield>
    <subfield code="p">13 000882</subfield>
    <subfield code="r">2012-09-05</subfield>
    <subfield code="t">2</subfield>
    <subfield code="w">2012-09-05</subfield>
    <subfield code="y">LB</subfield>
  </datafield>
  <datafield tag="952" ind1=" " ind2=" ">
    <subfield code="0">0</subfield>
    <subfield code="1">0</subfield>
    <subfield code="4">0</subfield>
    <subfield code="7">0</subfield>
    <subfield code="a">14</subfield>
    <subfield code="b">14</subfield>
    <subfield code="d">2009-10-16</subfield>
    <subfield code="l">0</subfield>
    <subfield code="o">HF5681 B2 W55 2007</subfield>
    <subfield code="p">14 001648</subfield>
    <subfield code="r">2012-10-28</subfield>
    <subfield code="t">1</subfield>
    <subfield code="w">2012-10-28</subfield>
    <subfield code="y">LB</subfield>
  </datafield>
  <datafield tag="952" ind1=" " ind2=" ">
    <subfield code="0">0</subfield>
    <subfield code="1">0</subfield>
    <subfield code="4">0</subfield>
    <subfield code="7">0</subfield>
    <subfield code="a">14</subfield>
    <subfield code="b">14</subfield>
    <subfield code="d">2009-10-16</subfield>
    <subfield code="l">0</subfield>
    <subfield code="o">HF5681 B2 W55 2007</subfield>
    <subfield code="p">14 001649</subfield>
    <subfield code="r">2012-10-28</subfield>
    <subfield code="t">2</subfield>
    <subfield code="w">2012-10-28</subfield>
    <subfield code="y">LB</subfield>
  </datafield>
  <datafield tag="952" ind1=" " ind2=" ">
    <subfield code="0">0</subfield>
    <subfield code="1">0</subfield>
    <subfield code="4">0</subfield>
    <subfield code="7">0</subfield>
    <subfield code="a">14</subfield>
    <subfield code="b">14</subfield>
    <subfield code="d">2009-10-16</subfield>
    <subfield code="l">3</subfield>
    <subfield code="o">HF5681 B2 W55 2007</subfield>
    <subfield code="p">14 001650</subfield>
    <subfield code="r">2015-06-06</subfield>
    <subfield code="s">2015-05-30</subfield>
    <subfield code="t">3</subfield>
    <subfield code="w">2012-10-28</subfield>
    <subfield code="y">LB</subfield>
  </datafield>
  <datafield tag="952" ind1=" " ind2=" ">
    <subfield code="0">0</subfield>
    <subfield code="1">0</subfield>
    <subfield code="2">lcc</subfield>
    <subfield code="4">0</subfield>
    <subfield code="7">0</subfield>
    <subfield code="a">20</subfield>
    <subfield code="b">20</subfield>
    <subfield code="d">2013-02-08</subfield>
    <subfield code="l">2</subfield>
    <subfield code="o">HF5681.B2 W55 2007</subfield>
    <subfield code="p">20 001335</subfield>
    <subfield code="r">2018-05-05</subfield>
    <subfield code="s">2018-05-05</subfield>
    <subfield code="t">1</subfield>
    <subfield code="w">2013-02-08</subfield>
    <subfield code="y">LB</subfield>
  </datafield>
  <datafield tag="952" ind1=" " ind2=" ">
    <subfield code="0">0</subfield>
    <subfield code="1">0</subfield>
    <subfield code="2">lcc</subfield>
    <subfield code="4">0</subfield>
    <subfield code="7">0</subfield>
    <subfield code="a">07</subfield>
    <subfield code="b">07</subfield>
    <subfield code="d">2014-08-06</subfield>
    <subfield code="l">3</subfield>
    <subfield code="m">1</subfield>
    <subfield code="o">HF5681.B2 W5518 2007</subfield>
    <subfield code="p">07 004630</subfield>
    <subfield code="r">2018-07-14</subfield>
    <subfield code="s">2018-06-30</subfield>
    <subfield code="t">2</subfield>
    <subfield code="w">2014-08-06</subfield>
    <subfield code="y">LB</subfield>
  </datafield>
  <datafield tag="952" ind1=" " ind2=" ">
    <subfield code="0">0</subfield>
    <subfield code="1">0</subfield>
    <subfield code="2">lcc</subfield>
    <subfield code="4">0</subfield>
    <subfield code="7">0</subfield>
    <subfield code="a">22</subfield>
    <subfield code="b">22</subfield>
    <subfield code="d">2014-10-21</subfield>
    <subfield code="l">5</subfield>
    <subfield code="o">HF5681.B2 W5518 2007</subfield>
    <subfield code="p">22 000676</subfield>
    <subfield code="r">2024-12-05</subfield>
    <subfield code="s">2020-03-17</subfield>
    <subfield code="t">1</subfield>
    <subfield code="w">2014-10-21</subfield>
    <subfield code="y">LB</subfield>
  </datafield>
  <datafield tag="952" ind1=" " ind2=" ">
    <subfield code="0">0</subfield>
    <subfield code="1">0</subfield>
    <subfield code="4">0</subfield>
    <subfield code="7">0</subfield>
    <subfield code="a">22</subfield>
    <subfield code="b">22</subfield>
    <subfield code="d">2014-11-08</subfield>
    <subfield code="e">Promotora NARO</subfield>
    <subfield code="l">7</subfield>
    <subfield code="o">HF5681.B2 W5518 2007</subfield>
    <subfield code="p">17 002096</subfield>
    <subfield code="r">2019-08-21</subfield>
    <subfield code="s">2019-08-21</subfield>
    <subfield code="t">2</subfield>
    <subfield code="w">2014-11-08</subfield>
    <subfield code="y">LB</subfield>
  </datafield>
  <datafield tag="952" ind1=" " ind2=" ">
    <subfield code="0">0</subfield>
    <subfield code="1">0</subfield>
    <subfield code="4">0</subfield>
    <subfield code="7">0</subfield>
    <subfield code="a">03</subfield>
    <subfield code="b">03</subfield>
    <subfield code="d">2015-07-02</subfield>
    <subfield code="l">1</subfield>
    <subfield code="o">HF5681.B2 W5518  2007</subfield>
    <subfield code="p">03 007880</subfield>
    <subfield code="r">2016-06-20</subfield>
    <subfield code="s">2016-06-20</subfield>
    <subfield code="t">1</subfield>
    <subfield code="w">2015-07-02</subfield>
    <subfield code="y">LB</subfield>
  </datafield>
  <datafield tag="952" ind1=" " ind2=" ">
    <subfield code="0">0</subfield>
    <subfield code="1">0</subfield>
    <subfield code="2">lcc</subfield>
    <subfield code="4">0</subfield>
    <subfield code="7">0</subfield>
    <subfield code="a">04</subfield>
    <subfield code="b">04</subfield>
    <subfield code="d">2015-07-11</subfield>
    <subfield code="l">3</subfield>
    <subfield code="o">HF5681.B2 W5518 2007</subfield>
    <subfield code="p">04 005407</subfield>
    <subfield code="r">2020-03-17</subfield>
    <subfield code="s">2020-03-17</subfield>
    <subfield code="t">2</subfield>
    <subfield code="w">2015-07-11</subfield>
    <subfield code="y">LB</subfield>
  </datafield>
  <datafield tag="999" ind1=" " ind2=" ">
    <subfield code="c">61189</subfield>
    <subfield code="d">61189</subfield>
  </datafield>
  <controlfield tag="008">120622s2007    mx            001 0 spa d</controlfield>
  <datafield tag="020" ind1=" " ind2=" ">
    <subfield code="a">9789701061121</subfield>
  </datafield>
  <datafield tag="050" ind1=" " ind2="4">
    <subfield code="a">HF5681.B2</subfield>
    <subfield code="b">W5518 2007</subfield>
  </datafield>
  <datafield tag="082" ind1=" " ind2="4">
    <subfield code="a">657 </subfield>
    <subfield code="b">W643a</subfield>
  </datafield>
  <datafield tag="100" ind1="1" ind2=" ">
    <subfield code="a">Wild, John J.</subfield>
    <subfield code="e"> , autor</subfield>
  </datafield>
  <datafield tag="240" ind1="1" ind2="0">
    <subfield code="a">Financial Statement Analysis</subfield>
    <subfield code="l">Espa&#xF1;ol</subfield>
  </datafield>
  <datafield tag="245" ind1="1" ind2="0">
    <subfield code="a">An&#xE1;lisis de estados financieros </subfield>
    <subfield code="c"> / John J. Wild, K.R. Subramanyam, Robert F. Halsey ; traducci&#xF3;n Guadalupe Meza Staines, Pilar Carril Villareal </subfield>
  </datafield>
  <datafield tag="250" ind1=" " ind2=" ">
    <subfield code="a">9a. edici&#xF3;n </subfield>
  </datafield>
  <datafield tag="260" ind1=" " ind2=" ">
    <subfield code="a">M&#xE9;xico</subfield>
    <subfield code="b"> : McGraw Hill</subfield>
    <subfield code="c"> , 2007</subfield>
  </datafield>
  <datafield tag="300" ind1=" " ind2=" ">
    <subfield code="a">xxv ; 657 p&#xE1;ginas</subfield>
  </datafield>
  <datafield tag="500" ind1=" " ind2=" ">
    <subfield code="a">T&#xED;tulo original: Financial Statement Analysis</subfield>
  </datafield>
  <datafield tag="505" ind1="0" ind2=" ">
    <subfield code="a">Visi&#xF3;n general del an&#xE1;lisis de estados financieros
Informes y an&#xE1;lisis financieros
An&#xE1;lisis de las actividades de financiamiento
An&#xE1;lisis de las actividades de inversi&#xF3;n
An&#xE1;lisis de las actividades de inversi&#xF3;n: inversiones entre corporaciones
An&#xE1;lisis de las actividades de operaci&#xF3;n
An&#xE1;lisis del flujo de efectivo
Rendimiento del capital invertido y an&#xE1;lisis de rentabilidad
An&#xE1;lisis prospectivo
An&#xE1;lisis de cr&#xE9;dito
An&#xE1;lisis y valuaci&#xF3;n del capital    </subfield>
  </datafield>
  <datafield tag="519" ind1=" " ind2=" ">
    <subfield code="a">Material Complementario / </subfield>
    <subfield code="b">Contadur&#xED;a / </subfield>
    <subfield code="d">(20 001335)</subfield>
  </datafield>
  <datafield tag="519" ind1=" " ind2=" ">
    <subfield code="a">Material  Complementario / </subfield>
    <subfield code="b">Contadur&#xED;a / </subfield>
    <subfield code="d">(06 000600 ; 06 000601)</subfield>
  </datafield>
  <datafield tag="519" ind1=" " ind2=" ">
    <subfield code="a">Educaci&#xF3;n Mixta / </subfield>
    <subfield code="b">Contadur&#xED;a / </subfield>
    <subfield code="c">An&#xE1;lisis de Estados Financieros (P18-1) / </subfield>
    <subfield code="d">(17 002096) </subfield>
  </datafield>
  <datafield tag="519" ind1=" " ind2=" ">
    <subfield code="a">Plan Flexible / </subfield>
    <subfield code="b">Contadur&#xED;a / </subfield>
    <subfield code="c">Estados Financieros (P15-2) / </subfield>
    <subfield code="d">(17 000258) </subfield>
  </datafield>
  <datafield tag="519" ind1=" " ind2=" ">
    <subfield code="a">Plan Flexible / </subfield>
    <subfield code="b">Contadur&#xED;a / </subfield>
    <subfield code="c">An&#xE1;lisis de Estados Financieros (P18-1) / </subfield>
    <subfield code="d">(03 007880)</subfield>
  </datafield>
  <datafield tag="519" ind1=" " ind2=" ">
    <subfield code="a">Plan Flexible / </subfield>
    <subfield code="b">Contadur&#xED;a / </subfield>
    <subfield code="c">An&#xE1;lisis de Estados Financieros (P18-) / </subfield>
    <subfield code="d">(04 003244) </subfield>
  </datafield>
  <datafield tag="519" ind1=" " ind2=" ">
    <subfield code="a">Educaci&#xF3;n Mixta / </subfield>
    <subfield code="b">Contadur&#xED;a / </subfield>
    <subfield code="c">An&#xE1;lisis de Estados Financieros (P18-1) / </subfield>
    <subfield code="d">(04 005407)</subfield>
  </datafield>
  <datafield tag="650" ind1=" " ind2="4">
    <subfield code="a">ESTADOS FINANCIEROS</subfield>
  </datafield>
  <datafield tag="700" ind1="1" ind2=" ">
    <subfield code="a">Subramanyam, K. R.</subfield>
    <subfield code="e"> , autor</subfield>
  </datafield>
  <datafield tag="700" ind1="1" ind2=" ">
    <subfield code="a">Halsey, Robert F.</subfield>
    <subfield code="e"> , autor</subfield>
  </datafield>
  <datafield tag="700" ind1="1" ind2=" ">
    <subfield code="a">Meza Staines, Guadalupe </subfield>
    <subfield code="e"> , traductor </subfield>
  </datafield>
  <datafield tag="700" ind1="1" ind2=" ">
    <subfield code="a">Carril Villarreal, Mar&#xED;a del Pilar</subfield>
    <subfield code="e"> , traductor </subfield>
  </datafield>
  <datafield tag="942" ind1=" " ind2=" ">
    <subfield code="c">LB</subfield>
  </datafield>
</record>
